SMART - nástroj na neustále zlepšovanie udržateľných podnikateľských aktivít

Cieľom príspevku je vytvorenie nástroja pre audit, založený na princípoch Balanced Score Card, s natoľko prehľadnou štruktúrou, aby samotný podnik kedykoľvek vedel vyhodnotiť svoju úspešnosť v implementácií udržateľných podnikateľských aktivít a odhaliť silné a slabé miesta svojej stratégie udržateľ...

Descripción completa

Guardado en:
Detalles Bibliográficos
Autor principal: Zeleniak, Marek
Otros Autores: Vasiľová, Mária, 1985-
Formato: Capítulo de libro
Lenguaje:eslovaco
Materias:
Etiquetas: Agregar Etiqueta
Sin Etiquetas, Sea el primero en etiquetar este registro!

MARC

LEADER 00000nla a2200000 4500
001 0195775
005 20240502073306.0
041 0 |a slo 
044 |a SK 
245 1 0 |a SMART - nástroj na neustále zlepšovanie udržateľných podnikateľských aktivít  |c Marek Zeleniak, Mária Vasiľová 
520 |a Cieľom príspevku je vytvorenie nástroja pre audit, založený na princípoch Balanced Score Card, s natoľko prehľadnou štruktúrou, aby samotný podnik kedykoľvek vedel vyhodnotiť svoju úspešnosť v implementácií udržateľných podnikateľských aktivít a odhaliť silné a slabé miesta svojej stratégie udržateľného rozvoja. Nástroj SMART je jedným z možných variantov na hodnotenie udržateľnosti v podniku. Okrem neho existuje mnoho iných, ktoré sa využívajú celosvetovo. Všetky majú svoje výhody, ale aj nevýhody. 
610 2 0 |a podnik 
610 2 0 |a podnikanie 
610 2 0 |a rozvoj trvalo udržateľný 
610 2 0 |a meranie 
100 1 |a Zeleniak, Marek 
700 1 |a Vasiľová, Mária, 1985-